000
00231nam a22000857a 4500
008
161027b xxu||||| |||| 00| 0 eng d
100
_9
966
_a
Anaja.O.P.
245
_a
How to Play Basket Ball
260
_a
New Delhi
_b
Prerna Publications
_c
2012
999
_c
3625
_d
3625